| 000 | 01565 a2200229 4500 | ||
|---|---|---|---|
| 001 | 22979 | ||
| 005 | 20260407155519.0 | ||
| 008 | 260407a1978 arg spa d | ||
| 003 | AR-UNSa-BCEJYS | ||
| 040 |
_aAR-UNSa-BCEJYS _bspa _cAR-UNSa-BCEJYS |
||
| 080 |
_a338.5.01 _xTeorías de los precios |
||
| 245 | 1 | 0 | _aSistemas de precios y asiganción de recursos |
| 250 | _a6a. ed | ||
| 264 | 1 |
_aMéxico : _bInteramericana _c1978 |
|
| 300 |
_axi, 456 p. _c23 cm. |
||
| 505 | _a1. Introducción - 2. Organización de un sistema económico - 3. Modelo de mercado puramente competitivo - 4. Aplicaciones básicas del modelo - 5. Elección y demanda del consumidor I - 6. Elección y demanda del consumidor individual II - 7. Clasificaciones del mercado y curva de demanda que enfrenta la firma - 8. Principios de producción - 9. Costos de producción - 10. Determinación del precio y la producción en competencia pura - 11. Determinación del precio y de la producción en monopolio puro - 12. Determinación del precio y de la producción en oligoploio - 13. Determinación del precio y de la producción en competencia monoplistica - 14. Determinación del precio y empleo de los recusros:competencia pura - 15. Determinación del precio y empleo de los recursos: monopolio y monopsonio - 16. Asignación de los recursos - 17. Distribución del producto - 18. Equilibrio y bienestar - 19. Programación lineal. | ||
| 041 | _aspa | ||
| 942 | _cBK | ||
| 590 | _aniveau_biblio:m niveau_hierar:0 | ||
| 100 | 1 | _aLeftwich, Richard H. | |
| 700 | 1 | _aAgut Armer, Vicente | |
| 999 |
_c1077 _d1077 |
||